01010cam a2200289 a 4500001000500000005001700005020001500022020001600037020001800053040002300071050002400094082001200118100001900130245008000149250004400229260003400273300003800307490003300345505000700378520020600385521001700591521001700608650002200625650002200647650002200669700002900691225920231114085240.0 a0448417286 a0448415933  a9780439626538 aDLCcDLCdDLCbeng00aPZ7.M47879bRe 199700a8102211 aMcMullan, Kate10aRevenge of the dragon lady /cby K.H. McMullan ; illustrated by Bill Basso. aFirst Scholastic printing, January 2004 aNew York :bScholastic,c1997 a108 pages :billustrationsc19 cm1 aDragon Slayers' Academy ;v2 aH  aAfter accidentally killing a dragon, Wiglaf hopes his friends at Dragon Slayers' Academy will be able to help him prove himself a hero when he faces that dragon's mother, Seetha, the Beast of the East. a460 bLexile aH bRaz-Plus 1aDragonsxFiction. 1aSchoolsxFiction. 1aCouragexFiction.1 aBasso, Billeillustrator